[Event "Biel MTO op"]
[Site "Biel"]
[Date "2001.07.25"]
[Round "3"]
[White "Arizmendi Martinez, Julen Luis"]
[Black "Huss, Rolf"]
[Result "1-0"]
[WhiteElo "2495"]
[BlackElo "2332"]
[Annotator "Arizmendi,J"]
[PlyCount "61"]
[EventDate "2001.07.23"]
[EventType "swiss"]
[EventRounds "11"]
[EventCountry "SUI"]
[SourceTitle "CBM 083 Extra"]
[Source "ChessBase"]
[SourceDate "2001.09.11"]
[SourceVersion "1"]
[SourceVersionDate "2001.09.11"]
[SourceQuality "1"]

1. e4 e6 2. d4 d5 3. Nc3 Bb4 4. exd5 exd5 5. Bd3 {Quite an interesting
continuation, played nowadays mostly by GMs Nataf and Fressinet, and with very
good results I might add.} Nc6 6. a3 Bxc3+ (6... Be7 {is another possibility,
although it seems white has good chances of obtaining some advantage out of
the opening after 7.Nce2, followed by 8.c3 and Qc2 at some point.}) 7. bxc3 Qf6
$6 {This move is dubious, and this game does not change the assesment. The
main line, favoured by French defense specialist GM Lputian, continues with 7..
.Nf6, but 7...Nge7 (8...Be6, 9...Qd7 and exchange of light - squared bishops
will be the follow up if allowed) is popular as well.} 8. Rb1 {With this move
white tried to hinder black´s smooth development. But I must admit the
following aproach is very nice also:} (8. Qh5 Nge7 9. Bg5 Qe6+ 10. Ne2 Qg4 11.
Ng3 h6 12. Bxe7 Nxe7 13. O-O Qxh5 14. Nxh5 O-O 15. Rae1 Re8 16. Re3 Kf8 17.
Rfe1 Be6 18. f4 g6 19. Nf6 Red8 20. g4 Rd6 21. g5 Kg7 22. h4 hxg5 23. hxg5 Ng8
24. f5 gxf5 25. Nh5+ Kg6 26. Rh3 Bd7 27. Kf2 Re8 28. Nf4+ Kg7 29. Reh1 b6 30.
c4 dxc4 31. Bxc4 Kf8 32. Rh7 Re7 33. Nd5 Be6 34. Nxe7 Nxe7 35. Bxe6 Rxe6 36.
Rh8+ Ng8 37. R1h6 Re4 38. c3 c5 39. d5 c4 40. g6 Rg4 41. d6 {1-0 Annageldyev,
O-Nikolic,P/Istanbul TUR 2000 (41)}) 8... Nge7 9. Ne2 Ng6 $2 {Another
debatable decision, but understandable this time. Usually, in this position
black plays 9...0-0 or 9...b6, and after 10.Bf4 gives up the pawn. This I do
not find to be very inspiring for black, but it is certainly better than the
game.} (9... b6 10. Bf4 Ng6 11. Bxc7 Qe7 12. Bg3 Qxa3 13. h4 h5 14. O-O O-O 15.
Re1 Bg4 16. f3 Be6 17. Ra1 Qe7 18. Bxg6 fxg6 19. Nf4 Rxf4 20. Bxf4 Qd7 21. Qd3
Bf7 22. Bg5 Re8 23. Qb5 Rxe1+ 24. Rxe1 Qb7 25. Qa4 Qc8 26. Bf4 Be6 27. Qa3 Qd7
28. Qd6 Qxd6 29. Bxd6 Kf7 30. Kf2 b5 31. Rb1 a6 32. Ra1 Bc8 33. Ke3 Ke6 34. Bc7
Kf5 35. Rg1 a5 36. g4+ hxg4 37. fxg4+ Ke6 38. Kf4 a4 39. Re1+ Kf6 40. Be5+ Kf7
41. Bd6 Kf6 42. Re8 Bb7 43. Rf8+ Ke6 44. Bb4 {1-0 Macieja,B-Rozentalis,E/
Koszalin 1997/CBM 59 ext (44)}) 10. O-O Nce7 {Huss now sees that f4-f5 is
coming, but it is too late already.} 11. f4 h5 {Trying to disuade white from
f5, but there is no stopping now.} 12. f5 $5 (12. Ng3 {Is a move I considered
during the game, and it might be best, for I cannot see any way for black to
avoid losing a pawn or ending up in a bad position.} Bg4 13. Be2 $1 h4 14. Bxg4
hxg3 15. hxg3 $16 {the human move. Fritz likes 15.h3 though.}) 12... Nxf5 $8
13. Ng3 Nge7 14. Nxf5 Nxf5 15. h4 $1 {The key move. Now white´s dark-squared
bishop joins the battle and gives white a clear edge. 16.Bg5 is threatened, so
black´s reply is forced.} g6 16. Bg5 Qd6 17. Re1+ Kf8 $2 {The swiss IM tries
to keep his pawn structure more or less solid and decides to sacrifice his
queen to achive this, but quickly goes down. Still, the alternative was no fun
either.} (17... Be6 18. Bxf5 gxf5 19. Rxb7 $16 {Black´s pawn structure is a
shame and the presence of opposite colored bishops gives white good attacking
chances.}) 18. Bxf5 Bxf5 19. Be7+ Qxe7 20. Rxe7 Kxe7 21. Rxb7 $18 Rhb8 22. Qb1
$1 Rxb7 23. Qxb7 Rd8 24. Qxa7 Bxc2 25. a4 (25. c4 dxc4 26. Qxc7+ {is good, too.
}) 25... Bd3 26. Qxc7+ Rd7 27. Qe5+ Kd8 28. a5 Kc8 29. Qf6 Bc4 30. a6 Kc7 31.
Kf2 {black lost on time.} 1-0

[Event "Malaga op 11th"]
[Site "Malaga"]
[Date "2008.03.01"]
[Round "9"]
[White "Fernandez Romero, Ernesto"]
[Black "Arizmendi Martinez, Julen Luis"]
[Result "0-1"]
[WhiteElo "2466"]
[BlackElo "2506"]
[Annotator "Arizmendi,J"]
[PlyCount "72"]
[EventDate "2008.02.23"]
[EventType "swiss"]
[EventRounds "9"]
[EventCountry "ESP"]
[SourceTitle "EXT 2010"]
[Source "ChessBase"]
[SourceDate "2010.11.25"]
[SourceVersion "1"]
[SourceVersionDate "2010.11.25"]
[SourceQuality "1"]

1. e4 e6 2. d4 d5 3. exd5 exd5 4. Bd3 c5 {It was the last round, and I
realized that, in order to have a shot at first place, I would need to win. 4..
.c5 creates an imbalance and seemed like the way to go against the exchange
variation.} 5. dxc5 $6 {White has an equal game after this, or after other
moves, but now I manage to get position I used to play as white many years
ago! The reason is that, as white, I would usually spend a tempo moving my
bishop at some point, something I avoided here. As is understandable, I was
quite happy with my position. It´s curious that I didn´t feel so excited when
I had the position with white. Psychology of colors?} Bxc5 6. Nf3 Nf6 7. O-O
O-O 8. h3 Nc6 9. Nbd2 Qd6 {The queen looks at the weakened g3 square,
contemplating some ...Bxh3 ideas.} 10. Nb3 Bb6 11. Kh1 $2 {A big mistake.
Ernesto had a hallucination here, typical of morning rounds.} ({He thought
that after} 11. c3 Bxh3 12. gxh3 Qg3+ 13. Kh1 Qxh3+ 14. Nh2 {I could play} Ng4
{forgetting that my bishop on c8 ceased to exist, thus allowing Qxg4. So, he
moves the king out of the way. Unfortunately, it´s not only a lost tempo,
since the weakness on f2 ties the rook down to its defense.}) 11... h6 12. c3
Re8 13. a4 Ne4 14. Bxe4 (14. Nbd4 Nxd4 15. Nxd4 Bc7 {and however white
protects the mate on h2, it´s going to be an ugly picture.}) 14... Rxe4 15.
Nbd4 Nxd4 16. Nxd4 Bc7 17. f4 a6 {Preventing Nb5.} (17... Bd7 $5) 18. Bd2 Bd7
19. b3 Rae8 20. Qf3 Bb6 21. Nc2 Bf5 22. Rad1 R4e6 23. Nd4 Be4 ({I thought about
} 23... Bxd4 24. cxd4 Be4 {which leaves me with a huge bishop versus that big
pawn on d2. However, during the game things never seem as clear as they do
after the game. For some reason I thought he might be able to organize some
kind of defense. Rubbish, of course. There´s nothing truly wrong with the game
continuation though, but it is less practical, especially when low on time.})
24. Qf2 Bc2 $6 {With such a position and I go pawn-hunting!} 25. Rde1 Bxb3 26.
Rxe6 Rxe6 27. a5 $1 Bc5 28. f5 $6 {This weakens white´s position and obtains
little in return. White decides to get his pawn back, but I manage to
coordinate my pieces again.} (28. Be3 Bxd4 (28... Bc4 29. Nxe6 (29. Rb1 Re4 30.
Rxb7 Bxd4 31. Bxd4 (31. cxd4 Qa3) 31... Rxf4) 29... Bxe3 30. Qxe3 Bxf1 31. Nd4
{this one, on the other hand, is less convincing.}) (28... Re4 29. Nf5) 29.
Bxd4 Bc4 30. Rb1 Bb5 31. Qg3 f6 {is a pawn to the good, but converting it is
another matter. Black´s advantage, however, is appreciable.}) 28... Re4 29. Rb1
Bc4 30. Rxb7 Re2 31. Qf4 Re1+ $1 {This move my opponent missed when playing 28.
f5.} 32. Kh2 Rd1 (32... Rf1 $1 {was even better.} 33. Nf3 Rf2 34. Be3 Qxf4+ 35.
Bxf4 Bf1 $17) 33. g3 Bd3 34. Kg2 Be4+ 35. Kf2 Bxd4+ $6 {I thought this was a
fairly straightforward win. But engines disagree!} (35... Qxf4+ 36. Bxf4 Rd3
37. Ke2 Rxc3 38. Nb3 Bg1 $19) 36. Ke2 $4 {Losing on the spot.} (36. cxd4 Qa3 {
is what I had seen, and could not find a defense to all the threats (Qa1, Qd3..
.). However, there is} 37. Rb8+ Kh7 38. Rb6 $3 {When suddenly White is sacking
on h6 and getting a perpetual.} f6 39. Rb7 {And again there are all sorts of
tricks.} Rxd2+ 40. Qxd2 Qf3+ 41. Ke1 Qxg3+ {Black is clearly better, but
white´s resources are far from exhausted:} 42. Qf2 Qc3+ 43. Ke2 Qxh3 $17 44.
Qe3 Qg2+ 45. Ke1 Bxf5 46. Rb6 Bh3 ({At first, when analysing with the computer,
} 46... h5 {looked easy enough, but there is} 47. Rxa6 h4 48. Ra8 h3 49. Rh8+ {
and, once more, there is a perpetual, this time on e8-h5.}) ({nor could I
implement this idea with} 46... Qh1+ 47. Kf2 Qh4+ 48. Ke2 Bg4+ 49. Kd2 Qh2+ 50.
Ke1 h5 {for there is counterplay with the a-pawn:} 51. Rxa6 h4 52. Rxf6 $1 gxf6
53. Qe7+ Kg6 54. Qe8+ Kf5 55. Qd7+ Ke4 56. Qxg4+ Kd3 57. a6) 47. Qd3+ f5 48.
Qe3 h5 49. Qf4 Qg1+ 50. Kd2 Bg4 51. Rxa6 Qb1 52. Rh6+ Kg8 53. Rb6 Qa2+ 54. Kd3
Qa3+ 55. Kc2 Qxa5 56. Rb8+ Kh7 {and black should probably win, but who knows.
Amazing how these silicon guys can hold seemingly hopeless positions; food for
thought.}) 36... Be5 0-1

[Event "Andorra op 22nd"]
[Site "Andorra"]
[Date "2004.07.06"]
[Round "4"]
[White "Arizmendi Martinez, Julen Luis"]
[Black "De la Villa Garcia, Jesus Maria"]
[Result "1/2-1/2"]
[WhiteElo "2534"]
[BlackElo "2468"]
[Annotator "Arizmendi,J"]
[PlyCount "41"]
[EventDate "2004.07.03"]
[EventType "swiss"]
[EventRounds "9"]
[EventCountry "AND"]
[SourceTitle "CBM 101 Extra"]
[Source "ChessBase"]
[SourceDate "2004.09.01"]
[SourceVersion "2"]
[SourceVersionDate "2004.09.01"]
[SourceQuality "1"]

1. e4 e6 2. d4 d5 3. Nc3 Bb4 4. exd5 {I have a special fondness for the
exchange variation in the Winaver. Its theory has developed quite a bit during
the past few years, thanks to the efforts of players like Nataf, Fressinet,
Degraeve and Rabiega, but it should still be considered a secondary line.} exd5
5. Bd3 Nc6 {The main variation, but certainly not the only one. 5...Nf6 and 5..
.c6 are both plausible as well.} 6. a3 Bxc3+ ({Keeping the tension with} 6...
Ba5 {is possible, but Black risks being left with a very bad bishop on b6, or
merely allow White to obtain the bishop-pair without even having to worry
about his pawn-structure, as in Arizmendi-Dzebuadze, France T-ch 2002:} 7. Be3
Nf6 8. Nge2 Bg4 9. f3 Be6 10. O-O Bb6 11. Na4 h6 12. Nxb6 axb6 13. Ng3 Ne7 14.
Re1 $16) ({A more common alternative is} 6... Be7 {, but I believe White has a
pull after} 7. Nce2 {, followed by c3, Qc2 and then Ng3-Nf3, or Ng3-N1-e2,
depending on how Black plays. White´s pieces seem to have the better
coordination in this line.}) 7. bxc3 Nf6 {De la Villa follows Psakhis´
recommendation.} (7... Nge7 {makes a lot of sense as well, preparing 8...Bf5,
although Black players prefer the text-move nowadays.} 8. Qf3 (8. Qh5 {
deserves attention as well.}) 8... Be6 9. Ne2 {An idea popularized by Rabiega.
This move permits Black to carry out his strategic aim, but White hopes that
exchanging the light-squared bishops will prove too time-consuming.} (9. Nh3 {
What follows is based on Psakhis´ notes for CBM.} Qd7 10. Nf4 O-O-O 11. O-O Bf5
12. a4 Bxd3 $146 ({Black failed to equalize after} 12... g5 13. Ne2 h6 14. Ba3
Bxd3 15. cxd3 Ng6 16. Ng3 Nh4 17. Qf6 $1 $36 {Short-Timman, Tilburg 1990}) 13.
Nxd3 $5 {Interesting solution,} ({the knight heads for c5. The alternative} 13.
cxd3 {looks ok as well.}) 13... Qf5 14. Qe2 {[%cal Ge2b5]} Rde8 (14... Qe4 15.
Be3) 15. Nc5 Nd8 ({Psakhis prefers} 15... Na5 16. Qb5 b6 {[%cal Ge7c6] , when
Black has a solid position.}) 16. Rb1 {[%cal Rb1b7]} Nec6 $6 (16... Ng6 $5 {
Psakhis} 17. Be3 (17. Qb5 Nh4 18. Nxb7 Qe4 19. f3 Qe2 $15) 17... Nh4 18. Rxb7
$140 $4 Qg6 $1 $19) 17. Be3 Nb8 $6 18. a5 $5 (18. Nxb7 Nxb7 19. Qb5 {looks
winning, but after the forced} Nd6 20. Qxb8+ Kd7 21. Qxa7 Ra8 22. Qc5 Rxa4 $14
{white's advantage is minimal.}) 18... Re7 19. c4 $1 Nd7 20. cxd5 Qxd5 21. Qg4
(21. Nxd7 $5 Qxd7 22. a6 b6 23. c4 $5 Qxd4 24. c5 $36) 21... f5 22. Qh4 Rf7 23.
Nd3 $5 (23. a6 $5 Nxc5 24. dxc5) 23... Ne6 (23... Qe4 24. Qg3) 24. a6 $1 bxa6 (
24... b6 25. Nb4 {[%csl Rc6]}) 25. Nb4 Qc4 (25... Qe4 26. Qh5 {[%cal Gh5e2,
Re2a6]}) 26. Qh5 Nd8 (26... Rff8 27. d5) 27. Qf3 Nb6 (27... c6 28. Qf4 $5) 28.
Nd3 $1 {[%cal Rd3e5]} Qd5 29. Qh3 (29. Qe2 $5) 29... Ne6 (29... Nc6 30. c3) 30.
Ne5 Rff8 31. c4 $1 Nxc4 (31... Qe4 32. Rfe1 Nxd4 33. Bxd4 Qxd4 34. Qa3 $18) 32.
Nxc4 Qxc4 33. Qf3 $18 {[%csl Rc8]} Nd8 34. Rfc1 Qe6 35. Bf4 c6 36. d5 Qe4 37.
dxc6 Qxf3 38. Rb8# {1-0 Timman-Van Haastert, Enschede 2002.}) 9... Qd7 10. O-O
Bf5 11. Ng3 Bxd3 12. cxd3 O-O 13. h4 Nd8 14. h5 h6 15. Ra2 Ne6 16. Re2 Rae8 17.
Rfe1 Kh8 18. Qg4 c6 19. Re5 Qd8 20. Qd1 Nc7 21. a4 f6 22. R5e3 Nc8 23. Ba3 Rxe3
24. fxe3 Rf7 25. e4 Nd6 26. Qe2 dxe4 27. dxe4 Nce8 28. Qe3 Rd7 29. Rf1 Nf7 30.
Nf5 Ned6 31. Nxd6 Nxd6 32. Re1 Nf7 33. Qf3 Ng5 34. Qf5 Qe8 35. a5 Rd8 36. e5
Rd5 37. Qg6 Qxg6 38. hxg6 fxe5 39. Rf1 Ne6 40. Rf7 Rd8 41. dxe5 b6 42. a6 Ra8
43. Bd6 Kg8 44. Rb7 Nf4 45. c4 Nxg6 46. Rb8+ Rxb8 47. Bxb8 b5 48. Bxa7 Ne7 49.
Bc5 Nc8 50. cxb5 cxb5 51. a7 Nxa7 52. Bxa7 Kf7 53. Bd4 Ke6 54. g4 g6 55. Kf2
Kd5 56. Bb2 {1-0, Radjabov-Leethivaara, 20th ECC Izmir TUR, 2004.}) (7... Nce7
{has become popular of late, and with good results. More tests are needed here.
}) 8. Ne2 O-O 9. O-O Na5 10. Re1 Re8 11. Ng3 Bg4 {The usual move, but in
Moreno Carnero-Psakhis, Andorra 2002 Black equalized convincingly after} (11...
Rxe1+ 12. Qxe1 Be6 13. Qe5 Nc4 14. Bxc4 Nd7 {1/2-1/2.}) 12. f3 ({After} 12.
Rxe8+ Qxe8 13. f3 Be6 14. Bg5 Nd7 {I could not see how to increase the
pressure.}) 12... Be6 (12... Bd7 {would have transposed to Blehm-Lputian, FIDE
W-Ch Ko, 2000. That game continued} 13. Bf4 Rxe1+ 14. Qxe1 Nc4 15. Bxc4 dxc4
16. Qe5 Qe8 $1 $11 {and soon ended in a draw.}) 13. Bg5 $1 (13. Bf4 Nd7 $1 {
, followed by Nf8. Black would then have the perfect defensive setup on the
kingside, and could soon switch his attention to the queenside.}) 13... h6 14.
Bf4 {The little pawn-move on the kingside now gives White some sacrificial
motives on h6.} Nc4 15. Qc1 Bd7 16. Rxe8+ (16. Be5 Nh7 $5) 16... Nxe8 17. Bxh6
gxh6 18. Qxh6 Qf6 $2 {This should have given White a strong attack. A better
defensive try is} (18... f5 19. Qg6+ Kf8 20. Re1 Ng7 21. Bxf5 Nd6 22. Bg4 Be8
23. Qh7 Nf7 $13 {, when things are far fom clear, although White does have the
easier position.} (23... Qg5 24. Qh8+ Kf7 25. h4 $18) (23... Bf7 24. Qh6 $16))
19. Bh7+ $2 {During the game I saw} (19. Qh7+ Kf8 20. Nh5 Qe6 (20... Qg5 21.
Re1 Nf6 22. Qh8+ Ng8 23. f4 Qh6 24. Bh7 {is winning on the spot.}) 21. Kf1 {
but could not believe it was so strong. Nevertheless, our postmortem analysis
proved that Black would have a very difficult game after this. For example:}
Ne3+ $1 {is best.} (21... Qd6 22. Re1 Be6 23. Bxc4 (23. f4 Nd2+ 24. Kf2 Ne4+
25. Bxe4 dxe4 26. f5 Bxf5 27. Qxf5 Qh6) 23... dxc4 24. Re4 $16) (21... Qc6 22.
Re1 Be6 23. Nf4 $18) 22. Kf2 Nxg2 23. Kxg2 Qh3+ 24. Kg1 Be6 $14 (24... Qe6 $5
25. Kh1 Qe3 26. Rf1 Ke7 27. Ng3 Nf6 28. Qh4 Rg8) 25. Nf4 Qxh7 26. Bxh7 Nd6 27.
Bd3 Ke7 28. Re1 Kf6 {and the pawn will not be easy to convert.}) 19... Kh8 20.
Bg6+ Kg8 21. Bh7+ 1/2-1/2